000 01064cad a22002295a 4500
001 E151110
008 100511s2010 xxk f s000 0 eng d
020 _a9780755996476
035 _a(Sirsi) u151110
041 0 _aeng
100 2 _aScott, John
245 0 0 _aConsultation on core standards for a voluntary accreditation scheme for property managers and land maintenance companies in Scotland
_ban analysis of responses
_h[electronic resource]
260 _aEdinburgh
_bScottish Government
_c2010
520 _aSets out responses to a consultation on proposed standards for a voluntary accreditation scheme for property managers. Property managers will have to agree to comply with the core standards in order to join the Scheme.
521 _aAdvanced
590 _aKA
651 4 _aScotland
_y1999-
690 _aPROPERTY-RESIDENTIAL PROPERTY-RESIDENTIAL LANDLORD AND TENANT
700 1 _aReid, Steven
856 4 0 _uhttps://www.scotland.gov.uk/Publications/2010/09/28094742/0
_zView the consultation free of charge at www.scotland.gov.uk
942 _n0
999 _c111161
_d111161